000
00199nam a2200085 4500
001
1258553
005
20260312191010.0
245
_a
SON PEYGAMBER HZ. MUHAMMED
_c
EBU'L HASAN ALİ EN-NEDVİ
260
_b
AGD
999
_c
1258553
_d
1258553